书目信息 |
| 题名: |
数学建模
|
|
| 作者: | 赵翌 主编 | |
| 分册: | ||
| 出版信息: | 长春 吉林大学出版社 2014 |
|
| 页数: | 178页 | |
| 开本: | 26cm | |
| 丛书名: | ||
| 单 册: | ||
| 中图分类: | O141.4 | |
| 科图分类: | ||
| 主题词: | 数学模型--高等学校--教材 | |
| 电子资源: | ||
| ISBN: | 978-7-5677-2637-6 | |
| 000 | 00743nam0 2200229 450 | |
| 001 | 012015000198 | |
| 005 | 20150914153206.25 | |
| 010 | @a978-7-5677-2637-6@dCNY25.00 | |
| 100 | @a20150712d2014 em y0chiy50 ea | |
| 101 | 0 | @achi |
| 102 | @aCN@b220000 | |
| 105 | @ay z 000yy | |
| 106 | @ar | |
| 200 | 1 | @a数学建模@Ashu xue jian mo@f赵翌主编 |
| 210 | @a长春@c吉林大学出版社@d2014 | |
| 215 | @a178页@d26cm | |
| 330 | @a本书分为初等模型、离散模型、线性规划模型、微分方程模型及数学建模论文写作等模块,多数案例为编者自己的研究成果,注重案例的趣味性、代表性与实用性。 | |
| 606 | 0 | @a数学模型@x高等学校@j教材 |
| 690 | @aO141.4@v5 | |
| 701 | 0 | @a赵翌@Azhao yi@c(女)@4主编 |
| 801 | 0 | @aCN@b碧洲教育@c20150716 |
| 905 | @a10447@f4@dO141.4@e100 | |
| 数学建模/赵翌主编.-长春:吉林大学出版社,2014 |
| 178页;26cm |
| ISBN 978-7-5677-2637-6:CNY25.00 |
| 本书分为初等模型、离散模型、线性规划模型、微分方程模型及数学建模论文写作等模块,多数案例为编者自己的研究成果,注重案例的趣味性、代表性与实用性。 |
| ● |
| 相关链接 |
|
|
|
|
正题名:数学建模
索取号:O141.4/100
 
预约/预借
| 序号 | 登录号 | 条形码 | 馆藏地/架位号 | 状态 | 备注 |
| 1 | 0870289 | 208702894 | 第二样本阅览室/ [索取号:O141.4/100] | 在馆 | |
| 2 | 0870290 | 208702901 | 密集书库-数信学院/ [索取号:O141.4/100] | 在馆 | |
| 3 | 0870291 | 208702910 | 密集书库-数信学院/ [索取号:O141.4/100] | 在馆 | |
| 4 | 0870292 | 208702929 | 第三借阅区/ [索取号:O141.4/100] | 在馆 |